Handmade in Britain. Appreciating Contemporary Artisans
Enregistré dans:
| Auteur principal: | |
|---|---|
| Format: | Livre |
| Langue: | anglais |
| Publié: |
London :
Vivays Publishing,
2011
|
| Sujets: | |
| Tags: |
Pas de tags, Soyez le premier à ajouter un tag!
|
MARC
| LEADER | 00000nam a22000003a 4500 | ||
|---|---|---|---|
| 001 | stu260858 | ||
| 005 | 20150617230218.9 | ||
| 008 | 130114s2011------------------------eng-d | ||
| 020 | |a 978-1-908126-38-2 | ||
| 040 | |a STU |b slo | ||
| 041 | 0 | |a eng | |
| 100 | 1 | |a Suri, P. |4 aut | |
| 245 | 1 | |a Handmade in Britain. Appreciating Contemporary Artisans | |
| 260 | |a London : |b Vivays Publishing, |c 2011 | ||
| 300 | |a 221 s | ||
| 650 | 7 | |a handmade |2 estusub | |
| 650 | 7 | |a úžitkové umenie |2 stusub | |
| 996 | |b 284AU05564 |c A*8305 U |l AAKNAR |s A |a 24 |w stu260858_0001 | ||